000
003040000a22001450004500
003
MACL
040
_a
MACL
090
_c
1724
_d
1724
100
_a
Easwaran, Eknath
245
_a
The Upanishads
260
_a
New Delhi
_b
Penguin Books
_c
1988
350
_a
200
650
_a
Religion
942
_c
BOOK
_k
294.592
999
_c
1711
_d
1711